صبح بہا ر ا ں (Record no. 171469)

MARC details
000 -LEADER
fixed length control field 00600nam a22001937a 4500
005 - DATE AND TIME OF LATEST TRANSACTION
control field 20200114114419.0
010 ## - LCCN (DPL NO)
LC control number UR-10663
020 ## - INTERNATIONAL STANDARD BOOK NUMBER
Terms of availability 200.00
International Standard Book Number -
035 ## - SYSTEM CONTROL NUMBER
System control number U-9218
037 ## - SOURCE OF ACQUISITION
Source of stock number/acquisition DBAD/PUB
Stock number -
082 ## - DEWEY DECIMAL CLASSIFICATION NUMBER
Classification number ک
100 ## - MAIN ENTRY--PERSONAL NAME
Personal name ر ما نہ تبسم
245 ## - TITLE STATEMENT
Title صبح بہا ر ا ں
Statement of responsibility, etc ر ما نہ تبسم
246 ## - VARYING FORM OF TITLE
Remainder of title Subh-e-Baharan (Urdu)
Title proper/short title by Rumana Tabassum
260 ## - PUBLICATION, DISTRIBUTION, ETC. (IMPRINT)
Place of publication, distribution, etc Bihar
Name of publisher, distributor, etc Iram Publications
Date of publication, distribution, etc 2019 ء
270 ## - ADDRESS
Address Bazm-e-Tabassum,Tarni Prasad Lane,Chhoti Masjid,Patna City,
City Patna
Postal code 8
Telephone number -9973889970
Fax number -
300 ## - PHYSICAL DESCRIPTION
Extent 128 ص
Dimensions 22 Cm(Hb)
942 ## - ADDED ENTRY ELEMENTS (KOHA)
Source of classification or shelving scheme Dewey Decimal Classification
Item type Urdu Bks
Classification part ک
Call number suffix ر م ا
Holdings
Withdrawn status Lost status Not for loan Collection code Home library Current library Date acquired Source of acquisition Cost, normal purchase price Full call number Barcode Copy number Cost, replacement price Koha item type
      Fiction D.B.Act.Division D.B.Act.Division 14/01/2020 DBAD/PUB 200.00 ک ر م ا U-9218 1 200.00 Urdu Bks

© Delhi Public Library
Hit Counter
free hit counter